[Event "Najdorf Mem Open A"]
[Site "Warsaw POL"]
[Date "2010.07.17"]
[Round "1"]
[White "Czerwonski,A"]
[Black "Nowicki,B"]
[Result "1-0"]
[WhiteElo "2379"]
[BlackElo "2067"]
[EventDate "2010.07.17"]

1. d4 f5 2. c4 Nf6 3. Nc3 e6 4. Nf3 Bb4 5. e3 O-O 6. Be2 b6 7. O-O Bb7 8.
Bd2 d6 9. Ng5 Qe7 10. Bf3 Bxf3 11. Qxf3 Nbd7 12. Qc6 Rac8 13. Nh3 Bxc3 14.
Bxc3 e5 15. dxe5 Nxe5 16. Qa4 Ne4 17. Qc2 Kh8 18. b3 Nxc3 19. Qxc3 Qf6 20.
Rac1 Nd7 21. Nf4 Qxc3 22. Rxc3 Nf6 23. Rd1 Kg8 24. f3 Kf7 25. Kf2 g5 26.
Ne2 Rfd8 27. Rc2 Ng8 28. h3 h5 29. h4 g4 30. Nf4 Nf6 31. Nd5 c6 32. Nf4 Rc7
33. Rcd2 Rcd7 34. Ne2 Kg6 35. b4 d5 36. b5 cxb5 37. cxb5 Rc8 38. Nf4+ Kf7
39. Ne2 Kg6 40. a4 Rd6 41. Nf4+ Kf7 42. Nd3 Ke6 43. Nb4 Rc7 44. Nc6 Kf7 45.
Rc2 Ke8 46. Rdc1 Nd7 47. Nd4 Nc5 48. Nxf5 Rf6 49. Nd4 gxf3 50. gxf3 Rg7 51.
Rg1 Rxg1 52. Kxg1 Kd7 53. a5 Rg6+ 54. Kf1 Kd6 55. a6 Rf6 56. Rg2 Ne6 57.
Nc6 Kc5 58. Nxa7 Rxf3+ 59. Rf2 Rxe3 60. Rc2+ Kd4 61. Nc6+ Ke4 62. a7 Ra3
63. Re2+ Kf3 64. Rxe6 1-0

[Event "Najdorf Mem Open A"]
[Site "Warsaw POL"]
[Date "2010.07.17"]
[Round "1"]
[White "Hetzer,V"]
[Black "Bove,A"]
[Result "0-1"]
[WhiteElo "2063"]
[BlackElo "2377"]
[EventDate "2010.07.17"]

1. Nf3 Nf6 2. g3 g6 3. Bg2 Bg7 4. O-O O-O 5. d3 d5 6. Nbd2 Nc6 7. e4 Bg4 8.
h3 Bxf3 9. Qxf3 Nd4 10. Qd1 c5 11. c3 Nc6 12. exd5 Nxd5 13. Qb3 Nb6 14. Ne4
c4 15. dxc4 Na5 16. Qb4 Naxc4 17. Bg5 Re8 18. Rad1 Qc7 19. b3 Ne5 20. Bf4
Nbd7 21. c4 Qc8 22. Qd2 Nf8 23. Be3 Nc6 24. Qc1 Ne6 25. Rfe1 Qc7 26. Nc3
Qa5 27. Nd5 Qxa2 28. b4 Qb3 29. b5 Ne5 30. Qb1 Qxb1 31. Rxb1 Nxc4 32. Bc1
Rac8 33. Nb4 Nc5 34. Bd5 Nb6 35. Bg2 Nba4 36. Be3 Bc3 0-1

[Event "Najdorf Mem Open A"]
[Site "Warsaw POL"]
[Date "2010.07.17"]
[Round "1"]
[White "Krzyzanowski,M"]
[Black "Bernotas,A"]
[Result "1-0"]
[WhiteElo "2377"]
[BlackElo "2059"]
[EventDate "2010.07.17"]

1. e4 c5 2. Nf3 d6 3. d4 cxd4 4. Nxd4 Nf6 5. Nc3 g6 6. Be3 Bg7 7. f3 O-O 8.
Qd2 Nc6 9. Bc4 Bd7 10. O-O-O Rb8 11. h4 b5 12. Bb3 Nxd4 13. Bxd4 a5 14. e5
dxe5 15. Bxe5 b4 16. Bxf6 exf6 17. Ne4 Bc6 18. Qf4 Qe7 19. h5 f5 20. hxg6
hxg6 21. Ng5 Qf6 22. c3 bxc3 23. Qh4 Rfc8 24. Bxf7+ Qxf7 25. Nxf7 c2 26.
Rd8+ Kxf7 27. Qc4+ Ke7 28. Rxc8 Rxc8 29. Qa6 1-0

[Event "Najdorf Mem Open A"]
[Site "Warsaw POL"]
[Date "2010.07.17"]
[Round "1"]
[White "Grochulski,G"]
[Black "Nguyen,P"]
[Result "1-0"]
[WhiteElo "2045"]
[BlackElo "2372"]
[EventDate "2010.07.17"]

1. e4 c5 2. c3 g6 3. d4 cxd4 4. cxd4 d5 5. Nc3 Bg7 6. Nxd5 e6 7. Nc3 Bxd4
8. Bb5+ Nc6 9. Nge2 Bg7 10. Qxd8+ Kxd8 11. Bg5+ Nge7 12. O-O-O+ Kc7 13. Rd2
f6 14. Be3 Rd8 15. Rxd8 Kxd8 16. h4 Bd7 17. h5 g5 18. Rd1 Ke8 19. Nd4 e5
20. Bxc6 bxc6 21. Nb3 Bg4 22. Rd6 Bxh5 23. Na5 Rc8 24. Bxa7 Bf7 25. Na4 h5
26. Nb7 Bxa2 27. Nb6 Rc7 28. Rd8+ Kf7 29. Nd6+ 1-0

[Event "Najdorf Mem Open A"]
[Site "Warsaw POL"]
[Date "2010.07.17"]
[Round "1"]
[White "Deszczynski,A"]
[Black "Spicak,K"]
[Result "1-0"]
[WhiteElo "2352"]
[BlackElo "2026"]
[EventDate "2010.07.17"]

1. e4 e6 2. d4 d5 3. Nc3 Bb4 4. e5 c5 5. Bd2 a6 6. a3 cxd4 7. axb4 dxc3 8.
Bxc3 Qc7 9. Qg4 f5 10. Qh5+ g6 11. Qh4 Nd7 12. Nf3 Nf8 13. Nd4 Bd7 14. f4
Kf7 15. h3 h6 16. g4 g5 17. Qh5+ Ng6 18. gxf5 exf5 19. Bd3 N8e7 20. O-O-O
Kg8 21. fxg5 Nf4 22. Qf3 hxg5 23. Rdg1 Nxd3+ 24. Qxd3 Qxe5 25. Ne2 Qe4 26.
Bxh8 Kxh8 27. Qxe4 fxe4 28. Rxg5 Rg8 29. Rh5+ Kg7 30. Rg1+ Kf8 31. Rf1+ Ke8
32. Nd4 Rf8 33. Rxf8+ Kxf8 34. Rh7 Ke8 35. Kd2 Ng6 36. Ke3 Ne5 37. b3 Nf7
38. h4 Ke7 39. Rh5 Kd6 40. Kf4 Bh3 41. c4 dxc4 42. bxc4 1-0

[Event "Najdorf Mem Open A"]
[Site "Warsaw POL"]
[Date "2010.07.17"]
[Round "1"]
[White "Goslawski,M"]
[Black "Rej,T"]
[Result "0-1"]
[WhiteElo "2018"]
[BlackElo "2334"]
[EventDate "2010.07.17"]

1. d4 Nf6 2. Nf3 e6 3. c4 b6 4. a3 d5 5. cxd5 exd5 6. Nc3 Be7 7. Qa4+ Bd7
8. Qc2 O-O 9. Bg5 Be6 10. Ne5 Nfd7 11. Bxe7 Qxe7 12. Nf3 c5 13. g3 Nc6 14.
Rd1 Rfd8 15. Bg2 Qf6 16. O-O cxd4 17. Nb5 Rac8 18. Nd6 d3 19. Rxd3 Nb4 20.
Qd2 Nxd3 21. Nxc8 Rxc8 22. Qxd3 Qxb2 23. Ng5 Qc2 24. Qe3 Qc3 25. Qf4 Qxa3
26. Bh3 Qe7 27. Nxe6 fxe6 28. Rd1 Rf8 29. Qe3 Re8 30. Rc1 Nc5 31. Qe5 Qf6
32. Qc7 Qh6 0-1

[Event "Najdorf Mem Open A"]
[Site "Warsaw POL"]
[Date "2010.07.17"]
[Round "1"]
[White "Zozulia,A"]
[Black "Kamieniecki,T"]
[Result "1-0"]
[WhiteElo "2340"]
[BlackElo "2016"]
[EventDate "2010.07.17"]

1. e4 Nf6 2. e5 Nd5 3. d4 d6 4. Nf3 Bg4 5. Be2 Nc6 6. O-O e6 7. c4 Nb6 8.
exd6 cxd6 9. d5 exd5 10. cxd5 Bxf3 11. Bxf3 Ne5 12. Be2 Be7 13. a4 O-O 14.
a5 Nbd7 15. f4 Ng6 16. Nc3 Re8 17. a6 Bf6 18. axb7 Qb6+ 19. Kh1 Qxb7 20.
Nb5 Qb6 21. Bd2 a5 22. Rc1 Rac8 23. Rxc8 Rxc8 24. Qa4 Bxb2 25. Qxa5 Qc5 26.
Qb4 Qc2 27. Nxd6 Rb8 28. Qa5 Nxf4 29. Bb5 Nd3 30. Bxd7 Bd4 31. Ne4 Ne5 32.
Bf5 Qc4 33. Rc1 Qe2 34. Ng3 Qf2 35. Rf1 1-0

[Event "Najdorf Mem Open A"]
[Site "Warsaw POL"]
[Date "2010.07.17"]
[Round "1"]
[White "Bursa,R"]
[Black "Bentivegna,F"]
[Result "0-1"]
[WhiteElo "2014"]
[BlackElo "2340"]
[EventDate "2010.07.17"]

1. e4 e5 2. Nf3 Nc6 3. Bb5 f5 4. d4 fxe4 5. Nxe5 Nxe5 6. dxe5 c6 7. Bc4
Qa5+ 8. Nc3 Qxe5 9. Bxg8 Rxg8 10. Be3 d5 11. Qd2 Be6 12. O-O-O Be7 13. Kb1
b6 14. Bf4 Qf6 15. Bc7 Qf7 16. f3 Bc5 17. fxe4 d4 18. Bg3 O-O-O 19. Na4 Be7
20. b3 Rgf8 21. Qd3 Kb7 22. Rhf1 Qh5 23. Nb2 Rxf1 24. Rxf1 Qa5 25. Rf3 Qa6
26. Qd2 Qb5 27. Qf2 Rd7 28. Nd3 c5 29. Ne5 Rc7 30. Nf7 Rc6 31. Qf1 c4 32.
Ne5 Rc8 33. Rf7 Bxf7 34. Qxf7 cxb3 35. axb3 d3 36. Nxd3 Qd7 37. Qxg7 Ka8
38. Qxh7 Qc6 39. Ne1 Bb4 40. e5 Bc3 41. Qh4 Bxe1 42. c4 Qg6+ 0-1

[Event "Najdorf Mem Open A"]
[Site "Warsaw POL"]
[Date "2010.07.17"]
[Round "1"]
[White "Przybylski,W"]
[Black "Gluszko,M"]
[Result "1-0"]
[WhiteElo "2322"]
[BlackElo "2004"]
[EventDate "2010.07.17"]

1. e4 c5 2. Nf3 d6 3. d4 cxd4 4. Nxd4 Nf6 5. Nc3 Nc6 6. Bg5 e6 7. Qd2 Be7
8. O-O-O O-O 9. f4 Nxd4 10. Qxd4 Qa5 11. Bc4 Bd7 12. Kb1 Rfd8 13. e5 dxe5
14. Qxe5 Qxe5 15. fxe5 Nd5 16. Bxd5 Bxg5 17. Bxb7 Rab8 18. Ne4 Bf4 19. Nc5
Bb5 20. a4 Be2 21. Rxd8+ Rxd8 22. Re1 Rd1+ 23. Rxd1 Bxd1 24. Nd7 Bxh2 25.
Kc1 Bh5 26. c4 f6 27. c5 fxe5 28. Be4 Bg6 29. Bxg6 hxg6 30. c6 e4 31. Nc5
Kf7 32. b4 Ke7 33. b5 e3 34. a5 Bc7 35. b6 axb6 36. a6 Bb8 37. a7 1-0

[Event "Najdorf Mem Open A"]
[Site "Warsaw POL"]
[Date "2010.07.17"]
[Round "1"]
[White "Borowicz,P"]
[Black "Matuszewski,M"]
[Result "0-1"]
[WhiteElo "2001"]
[BlackElo "2317"]
[EventDate "2010.07.17"]

1. d4 d5 2. c4 e6 3. Nc3 c6 4. Nf3 dxc4 5. a4 Bb4 6. Bd2 a5 7. e3 b5 8.
axb5 Bxc3 9. Bxc3 cxb5 10. b3 Bb7 11. bxc4 b4 12. Bb2 Nf6 13. c5 O-O 14.
Bb5 Ba6 15. Qa4 Bxb5 16. Qxb5 Qc7 17. Ne5 Nfd7 18. Nc4 Qc6 19. Qxc6 Nxc6
20. Ra4 Nf6 21. Ke2 Ra7 22. Kd3 Ng4 23. Ke2 Rd8 24. Rha1 h5 25. f3 Nf6 26.
Kd3 e5 27. Nd6 exd4 28. exd4 Re7 29. Bc1 Nd5 30. Bd2 Nb6 31. R4a2 Nc8 32.
Bf4 b3 33. Rb2 Nb4+ 34. Kc4 Nc2 35. Rxa5 Ne3+ 36. Kxb3 Nxd6 37. Re2 Rb7+
38. Ka2 Nd5 39. Bxd6 Nc3+ 40. Ka3 Nxe2 41. c6 Rb1 42. c7 Rc8 43. Be5 Nc3
44. d5 Ra1+ 0-1

[Event "Najdorf Mem Open A"]
[Site "Warsaw POL"]
[Date "2010.07.17"]
[Round "1"]
[White "Doluhanova,E"]
[Black "Wisniowska,K"]
[Result "1-0"]
[WhiteElo "2312"]
[BlackElo "1999"]
[EventDate "2010.07.17"]

1. Nf3 Nf6 2. g3 g6 3. Bg2 Bg7 4. O-O O-O 5. d3 d6 6. e4 e5 7. Nc3 c5 8. h3
Nc6 9. Be3 Rb8 10. Qd2 Nd4 11. Nh4 b5 12. Ne2 Nxe2+ 13. Qxe2 Ne8 14. Qd2
Be6 15. b4 Qc7 16. a4 a6 17. axb5 axb5 18. Rfb1 Qc6 19. Ra7 Nc7 20. bxc5
dxc5 21. f4 b4 22. f5 Bd7 23. Rf1 Ra8 24. Rxa8 Rxa8 25. Qf2 Na6 26. g4 Rb8
27. Nf3 b3 28. cxb3 Rxb3 29. Qh4 Rb8 30. Bh6 Bh8 31. Bg5 Nb4 32. Be7 f6 33.
g5 Rb6 34. fxg6 hxg6 35. gxf6 Bxf6 36. Ng5 1-0

[Event "Najdorf Mem Open A"]
[Site "Warsaw POL"]
[Date "2010.07.17"]
[Round "1"]
[White "Szewczak,And"]
[Black "Kadziolka,B"]
[Result "1/2-1/2"]
[WhiteElo "1981"]
[BlackElo "2305"]
[EventDate "2010.07.17"]

1. e4 c5 2. Nc3 Nc6 3. f4 a6 4. a4 g6 5. Nf3 Bg7 6. Nd5 e6 7. Ne3 d6 8. c3
Nf6 9. d3 Rb8 10. g3 b5 11. axb5 axb5 12. Bg2 O-O 13. O-O b4 14. Nh4 bxc3
15. bxc3 Bb7 16. Bd2 Ra8 17. Rxa8 Qxa8 18. Qc2 Nd7 19. Rb1 Ba6 20. Nf3 Rc8
21. Be1 Qa7 22. Bf2 Qc7 23. Nd2 Nb6 24. Bf1 Ne7 25. Qb3 Rb8 26. Qc2 d5 27.
Nf3 dxe4 28. dxe4 Bxf1 29. Nxf1 Ra8 30. Rb5 Na4 31. c4 Nc6 32. e5 Nb4 33.
Qe4 Rd8 34. Rb7 Nc3 35. Rxc7 Nxe4 36. Bxc5 Na6 37. Be7 Nxc7 38. Bxd8 Na6
39. Be7 Nb8 40. N1d2 Nxd2 41. Nxd2 Nc6 42. Bd6 f6 43. Nf3 fxe5 44. fxe5 Bh6
45. Kf2 Kf7 46. Ke2 Ke8 47. Kd3 Kd7 48. Ba3 Bg7 49. Bd6 Bh6 50. Ba3 Bg7 51.
Bb2 Bh6 52. Bc3 Bc1 53. c5 Ba3 54. Kc4 Bc1 55. Bd4 Kc7 56. Ne1 Bd2 57. Nd3
Na5+ 58. Kb5 Nc6 59. Bb2 Na7+ 60. Kc4 Nc6 61. Bc3 Be3 62. Kb5 Kb7 63. Ne1
Ne7 64. Kc4 Nc6 65. Nf3 Kc7 66. Bd2 Bxd2 67. Nxd2 Nxe5+ 68. Kb5 Ng4 69. h3
Nf2 70. h4 h5 71. Kc4 Kc6 1/2-1/2

[Event "Najdorf Mem Open A"]
[Site "Warsaw POL"]
[Date "2010.07.17"]
[Round "1"]
[White "Wieczorek,O"]
[Black "Suchocki,T"]
[Result "1-0"]
[WhiteElo "2316"]
[BlackElo "1978"]
[EventDate "2010.07.17"]

1. e4 e6 2. d4 d5 3. Nc3 Nf6 4. e5 Nfd7 5. f4 c5 6. Nf3 Nc6 7. Be3 a6 8.
Qd2 b5 9. a3 cxd4 10. Nxd4 Nxd4 11. Bxd4 Bc5 12. Bxc5 Nxc5 13. Qd4 Qc7 14.
Bd3 Nxd3+ 15. cxd3 Qa7 16. Ne2 Bd7 17. Kd2 O-O 18. Rhc1 f6 19. Rc5 fxe5 20.
fxe5 Be8 21. Rac1 Qf7 22. Rc7 Qf5 23. Rb7 Rf7 24. Rxf7 Bxf7 25. Qf4 Qxf4+
26. Nxf4 g5 27. Ne2 a5 28. Nd4 b4 29. a4 Ra6 30. Rc8+ Kg7 31. b3 Kg6 32. g4
h5 33. h3 h4 34. Ke3 Ra7 35. Rc6 Re7 36. Ra6 Rc7 37. Nxe6 Bxe6 38. Rxe6+
Kf7 39. Rd6 Rc5 40. Kd4 Rc3 41. Rxd5 Rxb3 42. Rxa5 Rb1 43. Ra7+ Ke6 44.
Ra6+ Kf7 45. Rb6 Rh1 46. Rxb4 Rxh3 47. Ke4 Rg3 48. Kf5 Rxd3 49. Rb7+ Ke8
50. Kxg5 h3 51. Rh7 Ra3 52. Kf5 Rf3+ 53. Ke6 Kf8 54. g5 Kg8 55. Rh4 Kg7 56.
Rh6 Ra3 57. Kf5 Rxa4 58. Rxh3 Ra1 59. Rf3 Re1 60. e6 Re2 61. Rf4 Re1 62.
Re4 Rf1+ 63. Kg4 Rg1+ 64. Kf3 Kf8 65. e7+ Ke8 66. Kf4 Rf1+ 67. Kg4 1-0

[Event "Najdorf Mem Open A"]
[Site "Warsaw POL"]
[Date "2010.07.17"]
[Round "1"]
[White "Sznapik,A"]
[Black "Winski,L"]
[Result "1-0"]
[WhiteElo "2434"]
[BlackElo "2115"]
[EventDate "2010.07.17"]

1. e4 e6 2. d4 d5 3. Nd2 Nf6 4. e5 Nfd7 5. c3 c5 6. Bd3 Nc6 7. Ne2 Qb6 8.
Nf3 cxd4 9. cxd4 Be7 10. O-O Nb4 11. Bb1 Nb8 12. a3 N4a6 13. Nc3 Bd7 14.
Re1 Nc6 15. b4 Nd8 16. Bd3 O-O 17. Bd2 Nc7 18. Qb1 h6 19. b5 Ne8 20. Na4
Qc7 21. Rc1 Qb8 22. Nc5 Bxc5 23. Rxc5 f5 24. exf6 Nxf6 25. Ne5 Be8 26. Qe1
Nd7 27. Nxd7 Bxd7 28. Rac1 Nf7 29. Rc7 Qd8 30. Bb4 Re8 31. Bg6 b6 32. Bxf7+
Kxf7 33. Qe5 1-0

[Event "Najdorf Mem Open A"]
[Site "Warsaw POL"]
[Date "2010.07.17"]
[Round "1"]
[White "Zakoscielna,K"]
[Black "Valsecchi,A"]
[Result "1-0"]
[WhiteElo "2040"]
[BlackElo "2360"]
[EventDate "2010.07.17"]

1. e4 c5 2. Nf3 d6 3. d4 cxd4 4. Nxd4 Nf6 5. Nc3 g6 6. Be3 Bg7 7. f3 O-O 8.
Qd2 Nc6 9. Bc4 Nd7 10. O-O-O Nb6 11. Bb3 Na5 12. Qd3 Nxb3+ 13. cxb3 a5 14.
h4 a4 15. bxa4 Nxa4 16. Nxa4 Rxa4 17. Kb1 Bd7 18. h5 Qa5 19. a3 Rb8 20.
hxg6 hxg6 21. Nb3 Qa6 22. Bd4 e5 23. Bc3 Be6 24. Nc1 Bf8 25. Bb4 Bc4 26.
Qd2 Rxb4 27. Qxb4 d5 28. Qd2 b5 29. Qg5 Bg7 30. Nd3 b4 31. Nxb4 Qa4 32. Qe7
Qb3 33. Qd6 Rc8 34. Rc1 d4 35. Qd7 Ra8 36. Qc6 Bd3+ 37. Ka1 Rb8 38. Qc7 Ra8
39. Qb7 Rd8 40. Rc8 Rxc8 41. Qxc8+ Bf8 42. Nd5 Kg7 43. Qh3 1-0

[Event "Najdorf Mem Open A"]
[Site "Warsaw POL"]
[Date "2010.07.17"]
[Round "1"]
[White "Lada,M"]
[Black "Krysztofiak,M"]
[Result "0-1"]
[WhiteElo "2159"]
[BlackElo "2436"]
[EventDate "2010.07.17"]

1. d4 d6 2. c4 e5 3. d5 g6 4. e4 Bh6 5. Nc3 f5 6. exf5 Bxf5 7. Nge2 Bxc1 8.
Qxc1 Qh4 9. Ng3 Ne7 10. Qd2 O-O 11. Bd3 Na6 12. Nce4 Bxe4 13. Nxe4 Nf5 14.
O-O Nd4 15. f3 Nc5 16. Nxc5 dxc5 17. Rae1 Qf4 18. Qxf4 exf4 19. Re7 Rf7 20.
Rfe1 Kf8 21. R7e5 a5 22. h4 a4 23. h5 Kg7 24. hxg6 hxg6 25. Rg5 Ra6 26. Re8
Rb6 27. Ra8 Re7 28. Be4 Ne2+ 29. Kh2 Ng3 30. Rxa4 Nxe4 31. fxe4 Rxe4 32. b3
Kf6 33. Rg4 g5 34. Ra8 Kf5 0-1

[Event "Najdorf Mem Open A"]
[Site "Warsaw POL"]
[Date "2010.07.17"]
[Round "1"]
[White "Zurkowski,A"]
[Black "Burg,T"]
[Result "0-1"]
[WhiteElo "2175"]
[BlackElo "2449"]
[EventDate "2010.07.17"]

1. d4 Nf6 2. Nf3 d5 3. Nbd2 c6 4. e3 Bf5 5. Bd3 Bxd3 6. cxd3 e6 7. O-O Be7
8. Ne5 O-O 9. f4 Nfd7 10. f5 Nxe5 11. dxe5 exf5 12. Rxf5 d4 13. Ne4 Qd7 14.
Qf3 g6 15. Nf6+ Bxf6 16. Rxf6 dxe3 17. Bxe3 Qe7 18. Bh6 Re8 19. Rf1 Nd7 20.
Bg5 Nxf6 21. Bxf6 Qc5+ 22. Kh1 Qd4 23. Qh3 h5 24. Qg3 Re6 25. Qg5 Qxd3 26.
Kg1 Rae8 27. h3 Kh7 28. Rf3 Qb1+ 29. Kh2 Qxa2 30. Qg3 b5 31. Rf5 Rxf6 32.
exf6 Qe6 33. Rxh5+ Kg8 34. Qf4 Qe3 35. Qg4 Qe2 36. Rc5 Qxg4 37. hxg4 Re6
38. g5 Kf8 39. Rc3 a5 40. Rh3 Kg8 41. Rd3 Re8 42. Rd7 a4 43. Rc7 Ra8 44.
Rxc6 b4 45. Rc2 a3 46. bxa3 bxa3 47. Ra2 Kf8 48. Kg3 Ke8 49. Kf4 Kd7 50.
Ke5 Ra5+ 51. Kd4 Ke6 52. g4 Rxg5 0-1

[Event "Najdorf Mem Open A"]
[Site "Warsaw POL"]
[Date "2010.07.17"]
[Round "1"]
[White "Jacek,K"]
[Black "Pinski,J"]
[Result "0-1"]
[WhiteElo "2055"]
[BlackElo "2375"]
[EventDate "2010.07.17"]

1. e4 c5 2. Nf3 Nc6 3. d4 cxd4 4. Nxd4 e5 5. Nb5 d6 6. N1c3 a6 7. Na3 b5 8.
Nd5 Nge7 9. c4 Nd4 10. cxb5 Nxd5 11. exd5 Qh4 12. Bd3 Be7 13. O-O O-O 14.
bxa6 e4 15. Be2 Bf6 16. Nc4 Bxa6 17. Be3 Nf3+ 18. gxf3 exf3 19. Bxf3 Bxc4
20. Be2 Bxb2 21. Rb1 Be5 22. f4 Rxa2 23. Rf2 Bxe2 24. Qb3 0-1

[Event "Najdorf Mem Open A"]
[Site "Warsaw POL"]
[Date "2010.07.18"]
[Round "2"]
[White "Zhigalko,S"]
[Black "Bobula,M"]
[Result "1-0"]
[WhiteElo "2656"]
[BlackElo "2387"]
[EventDate "2010.07.17"]

1. d4 d5 2. c4 e6 3. Nc3 Nf6 4. cxd5 Nxd5 5. e4 Nxc3 6. bxc3 c5 7. Nf3 cxd4
8. cxd4 Bb4+ 9. Bd2 Bxd2+ 10. Qxd2 O-O 11. Rc1 b6 12. Bd3 Bb7 13. O-O Nc6
14. Bb1 h6 15. Rfd1 Qd6 16. Qd3 Nb4 17. Qa3 Rfd8 18. d5 exd5 19. e5 Qe7 20.
Nd4 a5 21. f4 Bc8 22. Qg3 Bd7 23. Rc7 Qf8 24. f5 Na6 25. Rxd7 Rxd7 26. e6
Rc7 27. f6 fxe6 28. Nxe6 Qf7 29. Nxg7 Qxf6 30. Ne6+ Rg7 31. Nxg7 Qxg7 32.
Qd6 Kh8 33. Qxb6 Nc7 34. Rc1 Rg8 35. g3 Na8 36. Qxa5 Qd4+ 37. Kh1 Rb8 38.
Qa6 Rxb1 39. Qxh6+ 1-0

[Event "Najdorf Mem Open A"]
[Site "Warsaw POL"]
[Date "2010.07.18"]
[Round "2"]
[White "Staniszewski,Pi"]
[Black "Macieja,B"]
[Result "1/2-1/2"]
[WhiteElo "2389"]
[BlackElo "2639"]
[EventDate "2010.07.17"]

1. d4 Nf6 2. c4 e6 3. Nf3 b6 4. g3 Bb7 5. Bg2 Be7 6. O-O O-O 7. Qc2 c5 8.
dxc5 bxc5 9. Rd1 Be4 10. Qa4 Bc6 11. Qc2 Be4 12. Qa4 Bc6 13. Qc2 1/2-1/2

[Event "Najdorf Mem Open A"]
[Site "Warsaw POL"]
[Date "2010.07.18"]
[Round "2"]
[White "Dziuba,M"]
[Black "Czerwonski,A"]
[Result "1-0"]
[WhiteElo "2582"]
[BlackElo "2379"]
[EventDate "2010.07.17"]

1. d4 Nf6 2. c4 e6 3. Nf3 d5 4. g3 dxc4 5. Bg2 c5 6. O-O Nc6 7. Qa4 Bd7 8.
Qxc4 b5 9. Qd3 Rc8 10. dxc5 Bxc5 11. Nc3 b4 12. Nb5 O-O 13. Nd6 Nd4 14. Bf4
Nd5 15. Ng5 g6 16. Nge4 Bb6 17. Bh6 Rc7 18. Bxf8 Qxf8 19. e3 Nc2 20. Rac1
Ncxe3 21. Rxc7 Bxc7 22. fxe3 Bxd6 23. Nxd6 Qxd6 24. Qd4 Qc7 25. e4 Nb6 26.
Qxb4 e5 27. Qe7 Qc4 28. Qd8+ Kg7 29. b3 Qc5+ 30. Kh1 Be6 31. Qf6+ Kg8 32.
Qd8+ Kg7 33. Qf6+ Kg8 34. h4 Nd7 35. Qf2 Qc7 36. h5 Kg7 37. Kh2 a5 38. Bh3
Qd6 39. Bxe6 Qxe6 40. Qd2 Qg4 41. h6+ Kf8 42. Rf2 Ke7 43. Qd5 f5 44. exf5
gxf5 45. Rd2 Nf6 46. Qxe5+ Kf7 47. Qc7+ 1-0

[Event "Najdorf Mem Open A"]
[Site "Warsaw POL"]
[Date "2010.07.18"]
[Round "2"]
[White "Radulski,J"]
[Black "Krzyzanowski,M"]
[Result "1-0"]
[WhiteElo "2574"]
[BlackElo "2377"]
[EventDate "2010.07.17"]

1. e4 c5 2. Nc3 a6 3. g3 b5 4. Bg2 Bb7 5. d3 e6 6. f4 d5 7. exd5 Nf6 8. Nf3
Nxd5 9. O-O Be7 10. Ne4 O-O 11. Qe2 Nc6 12. c3 Qc7 13. Qf2 c4 14. d4 Rae8
15. Qe2 Nd8 16. Bd2 f5 17. Nf2 Bd6 18. Rfe1 Nf7 19. Qf1 g5 20. fxg5 f4 21.
Ng4 fxg3 22. Qe2 Kh8 23. h4 Bf4 24. Rad1 Bxd2 25. Qxd2 Nf4 26. Nf6 Rd8 27.
Qe3 Nh6 28. d5 Nf5 29. Qe5 Qxe5 30. Rxe5 Bxd5 31. Nxd5 Rxd5 32. Rdxd5 exd5
33. h5 Nxh5 34. Rxd5 Nf4 35. Re5 Ng6 36. Re4 Rd8 37. Bh3 Rd1+ 38. Kg2 Nd6
39. Re3 Rb1 40. Kxg3 Rxb2 41. Re6 Nf7 42. Rxa6 Nge5 43. Nxe5 Nxe5 44. Bf5
Nf7 45. a4 bxa4 46. Rxa4 Rb3 47. Kf4 Rxc3 48. Ra7 Nd6 49. Be6 h6 50. g6 1-0

[Event "Najdorf Mem Open A"]
[Site "Warsaw POL"]
[Date "2010.07.18"]
[Round "2"]
[White "Bove,A"]
[Black "Vysochin,S"]
[Result "1/2-1/2"]
[WhiteElo "2377"]
[BlackElo "2562"]
[EventDate "2010.07.17"]

1. d4 d5 2. c4 c6 3. Nf3 Nf6 4. Nc3 dxc4 5. a4 Bf5 6. e3 e6 7. Bxc4 Bb4 8.
O-O Nbd7 9. h3 O-O 10. Nh4 a5 11. Qf3 Nb6 12. Nxf5 Nxc4 13. Ng3 Qb6 14. Qe2
Qa6 15. e4 Rfd8 16. Bg5 Rxd4 17. Bxf6 gxf6 18. Nh5 Kh8 19. Nxf6 Be7 20. Ng4
Qb6 21. Qf3 Rf8 22. Ne2 Nd2 23. Qc3 Nxf1 24. Rxf1 c5 25. Nxd4 cxd4 26. Qg3
Qd6 27. e5 Qd5 28. Qf4 d3 29. Nf6 Bxf6 30. Qxf6+ Kg8 31. Qg5+ 1/2-1/2

[Event "Najdorf Mem Open A"]
[Site "Warsaw POL"]
[Date "2010.07.18"]
[Round "2"]
[White "Mista,A"]
[Black "Van Assendelft,F"]
[Result "1-0"]
[WhiteElo "2562"]
[BlackElo "2374"]
[EventDate "2010.07.17"]

1. e4 c5 2. Nf3 d6 3. d4 cxd4 4. Nxd4 Nf6 5. Nc3 a6 6. Be2 e6 7. f4 Be7 8.
Be3 Nc6 9. Qd2 O-O 10. O-O-O Bd7 11. g4 Nxd4 12. Qxd4 Bc6 13. g5 Nd7 14.
Rhg1 e5 15. Qd2 exf4 16. Bxf4 Ne5 17. h4 Re8 18. h5 Bf8 19. g6 b5 20. Bxe5
Rxe5 21. gxf7+ Kxf7 22. Nd5 Kg8 23. Rdf1 Ra7 24. Bd3 Rf7 25. Rxf7 Kxf7 26.
Qf2+ Kg8 27. Rf1 Qe8 28. Qf3 Be7 29. Nc7 Qxh5 30. Qxh5 Rxh5 31. Nxa6 Re5
32. Nc7 h5 33. c4 bxc4 34. Bxc4+ Kh7 35. Nd5 Bg5+ 36. Kc2 Be8 37. Kd3 Bg6
38. Nc3 Bf6 39. a4 Rg5 40. Bd5 Rg3+ 41. Kc4 Re3 42. a5 Bxc3 43. bxc3 Rxe4+
44. Bxe4 Bxe4 45. Rf4 Bc6 46. Rd4 g5 47. Rxd6 Bf3 48. Rd5 h4 49. Rxg5 h3
50. Rg3 Bg2 51. Rg4 Kh6 52. Kc5 Kh5 53. Rg8 Kh4 54. Rh8+ Kg3 55. a6 h2 56.
Rxh2 1-0

[Event "Najdorf Mem Open A"]
[Site "Warsaw POL"]
[Date "2010.07.18"]
[Round "2"]
[White "Pinski,J"]
[Black "Brodsky,M"]
[Result "0-1"]
[WhiteElo "2375"]
[BlackElo "2540"]
[EventDate "2010.07.17"]

1. e4 c5 2. c3 Nf6 3. e5 Nd5 4. d4 cxd4 5. cxd4 d6 6. Nf3 Nc6 7. Bc4 Nb6 8.
Bxf7+ Kxf7 9. e6+ Bxe6 10. Ng5+ Kf6 11. Qh5 g6 12. Qh4 Qc8 13. Nc3 Kg7 14.
O-O h6 15. Nf3 Bd5 0-1

[Event "Najdorf Mem Open A"]
[Site "Warsaw POL"]
[Date "2010.07.18"]
[Round "2"]
[White "Petrov,Marij"]
[Black "Deszczynski,A"]
[Result "1/2-1/2"]
[WhiteElo "2535"]
[BlackElo "2352"]
[EventDate "2010.07.17"]

1. e4 c5 2. Nf3 Nc6 3. d4 cxd4 4. Nxd4 Nf6 5. Nc3 d6 6. f4 g6 7. Nf3 Bg7 8.
Bd3 O-O 9. O-O Bg4 10. Qe1 Nd7 11. Kh1 Rc8 12. Nd2 Nc5 13. Qg3 Bd7 14. Nf3
Nb4 15. Rd1 Ncxd3 16. cxd3 f5 17. Qf2 Qa5 18. e5 Bc6 19. Ng5 dxe5 20. Ne6
Rfe8 21. Nxg7 Kxg7 22. fxe5 Rcd8 23. d4 Nd5 24. Ne2 Qa6 25. h4 Qc4 26. Bg5
Qc2 27. Rd2 Qe4 28. Nf4 Nxf4 29. Bxf4 Qd5 30. Re1 Qe6 31. Re3 h5 32. Qg3
Bd5 33. Qg5 Kf7 34. a3 Rc8 35. Rc3 Rxc3 36. bxc3 Rc8 37. Rd3 Rc6 38. Qh6
Ke8 39. Qh8+ Kd7 40. Qb8 Rc4 41. Qxa7 Qc6 42. Kh2 Rxc3 43. Rxc3 Qxc3 44.
Qb6 Qc6 45. Qxc6+ 1/2-1/2

[Event "Najdorf Mem Open A"]
[Site "Warsaw POL"]
[Date "2010.07.18"]
[Round "2"]
[White "Rej,T"]
[Black "Bernasek,J"]
[Result "1-0"]
[WhiteElo "2334"]
[BlackElo "2514"]
[EventDate "2010.07.17"]

1. e4 c5 2. Nf3 e6 3. d4 cxd4 4. Nxd4 a6 5. Bd3 Qc7 6. O-O Nf6 7. Qe2 d6 8.
c4 g6 9. Nc3 Bg7 10. Nf3 Nc6 11. Bf4 e5 12. Be3 Bg4 13. h3 Bxf3 14. Qxf3
O-O 15. Rac1 Nd4 16. Qd1 Nd7 17. Nd5 Qd8 18. Bb1 b5 19. cxb5 axb5 20. f4
Nb6 21. Nxb6 Qxb6 22. Kh1 exf4 23. Rxf4 Rac8 24. Rc3 Rc4 25. Rf1 Re8 26.
Qd2 d5 27. Qf2 Re7 28. Bd3 Rcc7 29. exd5 f5 30. Bf4 Rcd7 31. Rc8+ Kf7 32.
d6 Rxd6 33. Bxd6 Qxd6 34. a4 bxa4 35. Bc4+ Kf6 36. Qh4+ g5 37. Qxh7 Rc7 38.
Rxc7 Qxc7 39. Qg8 Kg6 40. Qe8+ Kh6 41. Be2 Nxe2 42. Qe6+ Kh7 43. Qxe2 Qf7
44. Qc2 Kg6 45. Qc6+ Bf6 46. Rd1 Qb3 47. Qe8+ Kh6 48. Rd6 Qxb2 49. Qxa4 Qe5
50. Qd1 Kg7 51. Ra6 Qb5 52. Ra7+ Kg6 53. Qd6 Qf1+ 54. Kh2 Qe2 55. Ra6 Qb2
56. Rb6 Qc3 57. Qe6 Qd4 58. Rc6 Qf4+ 59. Kg1 Qd4+ 60. Kh1 Qd1+ 61. Kh2 Qd4
62. Rc4 Qd8 63. Rc8 Qd4 64. Rg8+ Kh6 65. Rh8+ Kg6 66. Qe8+ 1-0

[Event "Najdorf Mem Open A"]
[Site "Warsaw POL"]
[Date "2010.07.18"]
[Round "2"]
[White "Jakubowski,K"]
[Black "Zozulia,A"]
[Result "1-0"]
[WhiteElo "2506"]
[BlackElo "2340"]
[EventDate "2010.07.17"]

1. c4 g6 2. d4 Bg7 3. e4 d6 4. Nc3 Nc6 5. Nge2 e5 6. d5 Nce7 7. Ng3 f5 8.
f4 fxe4 9. Ngxe4 Nf6 10. fxe5 Nxe4 11. Nxe4 Bxe5 12. Bg5 Bxb2 13. Rb1 Bg7
14. Qf3 Bf5 15. g4 Bxe4 16. Qxe4 Qd7 17. c5 Bc3+ 18. Kd1 dxc5 19. Kc2 Bb4
20. Bb5 1-0